Bibliography: supersonics or ultrasonics, 1926 to 1949 : with supplement to 1950 /

Bibliographic Details
Main Author: Curry, Beth
Format: Book
Language:English
Published: Stillwater : Research Foundation, Oklahoma Agricultural and Mechanical College, 1951.
Subjects:

MARC

Tag First Indicator Second Indicator Subfields
LEADER 00000cam a2200000 4500
001 in00000045964
005 20151007065243.0
008 781016s1951 oku 00010 engm
010 |a  51062339  
035 |a (OCoLC)04295257 
035 |9 AAE1615AM 
040 |a DLC  |c SMI  |d TXA  |d UtOrBLW 
049 |a TXAM  |c [205918] 
050 0 |a Z7144.W2  |b C8 1951 
092 |a 534  |b AC976b 
100 1 |a Curry, Beth. 
245 1 0 |a Bibliography: supersonics or ultrasonics, 1926 to 1949 :  |b with supplement to 1950 /  |c compiled by Beth Curry [and others]. 
264 1 |a Stillwater :  |b Research Foundation, Oklahoma Agricultural and Mechanical College,  |c 1951. 
300 |a vi 1., 277 pages ;  |c 28 cm. 
336 |a text  |b txt  |2 rdacontent 
337 |a unmediated  |b n  |2 rdamedia 
338 |a volume  |b nc  |2 rdacarrier 
650 0 |a Ultrasonic waves  |x Bibliography. 
999 |a MARS 
999 f f |s 1e99c74f-787f-37ef-bd94-5947e07b6f2f  |i deb765ca-1429-33cc-a5bd-6bf419b9b646  |t 0 
952 f f |p ric  |a Texas A&M University  |b Rellis Campus  |c Joint Library Facility  |d Remote Storage  |t 0  |e Z7144.W2 C8 1951  |h Library of Congress classification  |i unmediated -- volume  |m A14800915642 
998 f f |a Z7144.W2 C8 1951  |t 0  |l Remote Storage